| 000 | 00586cam a2200229 a 4500 | ||
|---|---|---|---|
| 001 | 4786019 | ||
| 005 | 20180309034629.0 | ||
| 008 | 870506s1988 txuac s000 0ceng | ||
| 010 | _a 87014022 | ||
| 020 | _a089096324X (pbk.) | ||
| 020 |
_a0890963622 : _c$35.00 |
||
| 040 |
_aDLC _cDLC _dDLC |
||
| 041 | _aeng | ||
| 043 | _an-us--- | ||
| 080 | _a016.3054 | ||
| 082 | 0 | 0 |
_a016.3054 GEN _219 |
| 100 | 1 | _a50 | |
| 101 | _aSOC | ||
| 245 | 1 | 0 |
_aEnduring women / _ctext and photographs by Diane Koos Gentry. |
| 906 |
_a7 _bcbc _corignew _d1 _eocip _f19 _gy-gencatlg |
||
| 942 |
_2ddc _cBK |
||
| 999 |
_c44533 _d44533 |
||